ZTM Gdańsk - 195 - Statystyki

Ogólne statystyki
  • Ten quiz został rozwiązany 12 razy
  • Średni wynik to 12 z 15
Statystyki odpowiedzi
Ulica Przystanek % Poprawnych
Łostowicka Cmentarz Łostowicki
100%
Świętokrzyska Łostowice Świętokrzyska
100%
Świętokrzyska Świętokrzyska
100%
Wawelska Wawelska
100%
Łostowicka Wilanowska
100%
Kartuska Emaus
83%
Nieborowska Królowej Bony
83%
Wilanowska Rogalińska
83%
Kartuska Siedlce
83%
Świtezianki Świtezianki
83%
Wilanowska Osiedle Jary
67%
Wawelska Platynowa
67%
Wojskiego Rejenta
67%
Macieja Soplicy
67%
Wojskiego Zosi
50%
Nie znaleziono quizów pasujących do podanych kryteriów
Rozkład punktacji
Procent ludzi z każdym wynikiem
Percentyl według liczby udzielonych odpowiedzi
Twoja historia wyników
Nie rozwiązałeś tego quizu